000 00640nam a2200301Ia 4500
005 20260127113218.0
008 008 260114s9999 xx 000 0 eng d
020 _a9788129120847
037 _aTextbook
040 _aPSDL
040 _beng
040 _cPSDL
041 _2eng
041 _aeng
084 _aWv2 Q0
084 _qPSDL
100 _aKuhlmann Jan
_91110945
245 0 _aNetaji in Europe
245 0 _cKuhlmann Jan
260 _aNewDelhi
260 _bRainlight
260 _c2010
300 _a281
942 _cTB
942 _hWv2 Q0
999 _c1677117
_d1677117